000 00332nam a2200133Ia 4500
008 090124s9999 xx 000 0 und d
082 _b46381
245 _aPITMAN'S SHORTHAND INSTRUCTOR
250 _a0
300 _a300
630 _aPITMAN'S SHORTHAND INSTRUCTOR
730 _aPITMAN'S SHORTHAND INSTRUCTOR
942 _cBOOK
999 _c112601
_d112601